Διερεύνηση της διακίνησης των βιολογικών προϊόντων στους νομούς Λάρισας, Μαγνησίας, Φιώτιδας : πτυχιακή εργασία

Αποθηκεύτηκε σε:
Λεπτομέρειες βιβλιογραφικής εγγραφής
Κύριος συγγραφέας: Σαρρή, Ελένη
Συγγραφή απο Οργανισμό/Αρχή: Πανεπιστήμιο Αιγαίου. Σχολή Περιβάλλοντος. Τμήμα Περιβάλλοντος
Άλλοι συγγραφείς: Γιούργα, Χριστίνα (dgsf)
Μορφή: Thesis Βιβλίο
Γλώσσα:Greek
Δημοσίευση: Μυτιλήνη : Πανεπιστήμιο Αιγαίου, Τμήμα Περιβάλλοντος, 2006
Θέματα:
Ετικέτες: Προσθήκη ετικέτας
Δεν υπάρχουν, Καταχωρήστε ετικέτα πρώτοι!

MARC

LEADER 00000cam a2200000 i 4500
001 1/27235
008 060330s2006 gre d
035 |l 10083355 
040 |a GR-MY-UA  |b gre  |e aacr 
041 0 |a gre 
082 0 |a 630  |2 (22) 
100 1 |a Σαρρή, Ελένη. 
245 1 0 |a Διερεύνηση της διακίνησης των βιολογικών προϊόντων στους νομούς Λάρισας, Μαγνησίας, Φιώτιδας :  |b πτυχιακή εργασία /  |c Σαρρή Ελένη ; υπεύθυνη καθηγήτρια Χριστίνα Γιούργα 
260 |a Μυτιλήνη :   |b Πανεπιστήμιο Αιγαίου, Τμήμα Περιβάλλοντος,   |c 2006 
300 |a 150 σ.;  |b πιν., χαρτ., διαγρ.;  |c 30 εκ. 
502 |a Πτυχιακή εργασία – Πανεπιστήμιο Αιγαίου, Λέσβος, 2006. 
504 |a Βιβλιογραφία:87-91 
650 0 |a Produce trade  |z Greece  |z Magnesia. 
650 0 |a Produce trade  |z Greece  |z Larisa (Nome) 
650 0 |a Farm produce  |z Greece  |z Larisa (Nome) 
650 0 |a Farm produce  |z Greece  |z Magnesia. 
650 0 |a Farm produce  |z Greece  |z Phthiotis. 
650 0 |a Produce trade  |z Greece  |z Phthiotis. 
650 0 0 |a Farm produce  |x Marketing. 
650 0 0 |a Natural foods. 
650 0 0 |a Dissertations, Academic  |z Greece. 
700 1 |a Γιούργα, Χριστίνα,  |e dgsf 
710 2 |a Πανεπιστήμιο Αιγαίου.   |b Σχολή Περιβάλλοντος.   |b Τμήμα Περιβάλλοντος. 
852 |a INST  |b LESVOS  |c DIATR  |e 20060330  |h 1045  |p 005100035902  |q 005100035902  |t DIE  |y 23 
852 |a INST  |b LESVOS  |c DIATR  |e 20060330  |h 1046  |p 005100035409  |q 005100035409  |t DIE  |y 23 
901 |a BIBL1-2006-1 
909 |a Λ  |b 126169 
909 |a Λ  |b 126170 
924 |a ΣΑΡΡΗ  |b ΕΛΕΝΗ  |y ΛΕΣΒΟΣ  |z 2006-03 
970 |a ΜΑΡΙΝΑΤΟΥ  |b ΜΥΡΣΙΝΗ  |z 2006/03/30